000 00295 a2200097 4500
001 59318
100 _a
245 _aMathematics ICSE; questions bank for class X as per new syllabus also includes solved question papers 2006
260 _aND
_bS.Chand & Company Ltd
_c2006
090 _c36344
_d36344
942 _aNUST-CAE
_c
_c29274
999 _c294391
_d294391